Top 30 Trios NBA 2024 - Statistics

General Stats
  • This quiz has been taken 427 times
  • The average score is 76 of 90
Answer Stats
# Team Answer 2K Rating Trio 2K Rating % Correct
1 Suns Devin Booker 94 276
100%
2 Bucks Giannis Antetokounmpo 97 274
100%
3 Lakers Anthony Davis 94 272
99%
2 Bucks Damian Lillard 92 274
99%
4 Celtics Jaylen Brown 89 270
99%
4 Celtics Jayson Tatum 94 270
99%
1 Suns Kevin Durant 96 276
99%
3 Lakers LeBron James 96 272
99%
6 Clippers Kawhi Leonard 92 268
98%
5 Nuggets Nikola Jokic 98 269
98%
1 Suns Bradley Beal 86 276
97%
5 Nuggets Jamal Murray 88 269
97%
7 76ers Joel Embiid 98 267
97%
8 Mavericks Kyrie Irving 90 266
97%
8 Mavericks Luka Doncic 97 266
97%
6 Clippers Paul George 89 268
97%
19 Hawks Dejounte Murray 86 257
96%
6 Clippers James Harden 87 268
96%
16 Kings Keegan Murray 83 260
96%
2 Bucks Khris Middleton 85 274
96%
14 Warriors Stephen Curry 95 260
96%
10 Cavaliers Donovan Mitchell 92 264
95%
14 Warriors Draymond Green 83 260
95%
22 Rockets Jalen Green 82 252
95%
11 Grizzlies Ja Morant 93 264
95%
9 Heat Jimmy Butler 93 265
95%
4 Celtics Kristaps Porzingis 87 270
95%
12 Thunder Shai Gilgeous-Alexander 95 263
95%
7 76ers Tyrese Maxey 87 267
95%
13 Timberwolves Anthony Edwards 90 261
94%
9 Heat Bam Adebayo 88 265
94%
16 Kings Domantas Sabonis 88 260
94%
5 Nuggets Aaron Gordon 83 269
93%
3 Lakers Austin Reaves 82 272
93%
16 Kings De'Aaron Fox 89 260
93%
28 Pistons Jalen Duren 83 248
93%
13 Timberwolves Karl-Anthony Towns 86 261
93%
19 Hawks Trae Young 90 257
93%
15 Pelicans Zion Williamson 89 260
93%
12 Thunder Jalen Williams 82 263
92%
11 Grizzlies Jaren Jackson Jr. 86 264
92%
21 Hornets LaMelo Ball 88 252
92%
13 Timberwolves Rudy Gobert 85 261
92%
17 Pacers Tyrese Haliburton 93 259
92%
21 Hornets Mark Williams 82 252
91%
29 Trailblazers Robert Williams 81 247
91%
9 Heat Tyler Herro 84 265
91%
10 Cavaliers Darius Garland 86 264
90%
25 Bulls DeMar DeRozan 85 250
90%
20 Raptors Pascal Siakam 87 254
90%
26 Spurs Victor Wembanyama 87 249
90%
18 Knicks Jalen Brunson 90 258
89%
23 Magic Paolo Banchero 87 252
89%
25 Bulls Zach LaVine 83 250
89%
15 Pelicans Brandon Ingram 86 260
88%
28 Pistons Cade Cunningham 84 248
87%
12 Thunder Chet Holmgren 86 263
87%
18 Knicks Julius Randle 86 258
87%
10 Cavaliers Evan Mobley 86 264
86%
11 Grizzlies Desmond Bane 85 264
84%
27 Jazz Lauri Markkanen 86 249
84%
15 Pelicans CJ McCollum 85 260
82%
24 Nets Mikal Bridges 85 251
82%
7 76ers Tobias Harris 82 267
82%
23 Magic Franz Wagner 84 252
81%
30 Wizards Kyle Kuzma 82 241
81%
17 Pacers Myles Turner 85 259
81%
14 Warriors Chris Paul 82 260
79%
19 Hawks Clint Capela 81 257
79%
20 Raptors Scottie Barnes 86 254
78%
22 Rockets Alperen Sengun 86 252
77%
22 Rockets Fred VanVleet 84 252
76%
25 Bulls Nikola Vucevic 82 250
75%
24 Nets Cameron Johnson 81 251
72%
29 Trailblazers Anfernee Simons 84 247
71%
26 Spurs Keldon Johnson 80 249
71%
18 Knicks OG Anunoby 82 258
69%
20 Raptors RJ Barrett 81 254
65%
24 Nets Nic Claxton 85 251
63%
27 Jazz Collin Sexton 82 249
62%
8 Mavericks Dereck Lively 79 266
62%
26 Spurs Devin Vassell 82 249
59%
27 Jazz Walker Kessler 81 249
56%
29 Trailblazers Jerami Grant 82 247
54%
30 Wizards Tyus Jones 80 241
54%
23 Magic Cole Anthony 81 252
49%
21 Hornets Terry Rozier 82 252
48%
28 Pistons Bojan Bogdanovic 81 248
46%
17 Pacers Bennedict Mathurin 81 259
43%
30 Wizards Deni Avdija 79 241
37%
No matching quizzes found
Score Distribution
Percent of People with Each Score
Percentile by Number Answered
Your Score History
You have not taken this quiz